书目信息 |
| 题名: |
金匮要略一学就通
|
|
| 作者: | 林政宏 编著 | |
| 分册: | ||
| 出版信息: | 广州 广东科技出版社 2020.6 |
|
| 页数: | 265页 | |
| 开本: | 22cm | |
| 丛书名: | 一目了然学中医丛书 | |
| 单 册: | ||
| 中图分类: | R222.3 | |
| 科图分类: | ||
| 主题词: | ||
| 电子资源: | ||
| ISBN: | 978-7-5359-4343-9 | |
| 000 | 00890nam0 2200277 45 | |
| 001 | 012001002074 | |
| 005 | 20140913101609.0 | |
| 010 | @a978-7-5359-4343-9@dCNY38.00 | |
| 100 | @a20080718d2008 em y0chiy50 ea | |
| 101 | 0 | @achi |
| 102 | @aCN@b440000 | |
| 105 | @aa z 000yy | |
| 106 | @ar | |
| 200 | 1 | @a金匮要略一学就通@Ajin kui yao lve yi xue jiu tong@b专著@f林政宏编著 |
| 210 | @a广州@c广东科技出版社@d2020.6 | |
| 215 | @a265页@c彩图@d22cm | |
| 225 | 2 | @a一目了然学中医丛书 |
| 330 | @a本书共分二十二章,收录了“脏腑经络先后病脉证治”、“痉湿暍病脉证治”、“百合狐惑阴阳毒病脉证治”等内容。 | |
| 410 | 0 | @1001003545938 |
| 461 | 0 | @12001 @a一目了然学中医丛书 |
| 605 | @a金匮要略方论@x基本知识 | |
| 605 | @a金匮要略方论 | |
| 690 | @aR222.3@v4 | |
| 701 | 0 | @a林政宏@Alin zheng hong@c(针灸师)@4编著 |
| 801 | 0 | @aCN@bBJSDL@c20211011 |
| 905 | @b1338338-41@dR222.3@e584@f4 | |
| 金匮要略一学就通/林政宏编著.-广州:广东科技出版社,2020.6 |
| 265页:彩图;22cm.-(一目了然学中医丛书) |
| ISBN 978-7-5359-4343-9:CNY38.00 |
| 本书共分二十二章,收录了“脏腑经络先后病脉证治”、“痉湿暍病脉证治”、“百合狐惑阴阳毒病脉证治”等内容。 |
| ● |
| 相关链接 |
|
|
|
|
正题名:金匮要略一学就通
索取号:R222.3/584
 
预约/预借
| 序号 | 登录号 | 条形码 | 馆藏地/架位号 | 状态 | 备注 |
| 1 | 1338338 | 213383382 | 第二样本阅览室/ [索取号:R222.3/584] | 在馆 | |
| 2 | 1338339 | 213383391 | 第三借阅区/ [索取号:R222.3/584] | 在馆 | |
| 3 | 1338340 | 213383408 | 第三借阅区/ [索取号:R222.3/584] | 在馆 | |
| 4 | 1338341 | 213383417 | 第三借阅区/ [索取号:R222.3/584] | 在馆 |